Sécurité et santé dans les mines Conférence internationale du travail, 82e session 1995 : quatrième question à l'ordre du jour Rapport 4(2A)

Bibliographic Details
Format: Book
Language:French
PhysicalDescription:73 s. 24 cm
Published: Geneve Bureau international du Travail 1995
ISBN:9222094158
Subjects:

MARC

LEADER 00000cam a2200000 a 4500
001 vtls001179774
003 SK-MaSNL
005 20260325092809.0
008 250414s1995 sz grf 100 0 fre
020 |a 9222094158  |q (brož.) 
035 |a SNK000122776 
040 |a SNK  |b slo  |c SNK  |e AACR2 
041 0 |a fre 
044 |a sz  |c CH 
072 7 |a 331  |x Práca  |2 konspekt 
072 7 |a 613  |x Hygiena. Ľudské zdravie  |2 konspekt 
072 7 |a 622  |x Baníctvo  |2 konspekt 
080 |a 331.823:622.8  |2 1981 
080 |a 622.8  |2 1981 
080 |a 331.45  |2 2011 
080 |a 613  |2 2011 
080 |a 622  |2 2011 
080 |a (035)  |2 2011 
245 0 0 |a Sécurité et santé dans les mines  |b Conférence internationale du travail, 82e session 1995 : quatrième question à l'ordre du jour  |n Rapport 4(2A) 
260 |a Geneve  |b Bureau international du Travail  |c 1995 
300 |a 73 s.  |c 24 cm 
650 0 7 |a bezpečnosť práce  |2 SNKPH  |9 1296 
650 0 7 |a ochrana zdravia  |2 SNKPH  |9 1135 
650 0 7 |a baníctvo  |2 SNKPH  |9 3571 
655 7 |a príručky  |2 SNKPH  |9 74364 
850 |a Slovenská národná knižnica 
852 |a Slovenská národná knižnica 
919 |a 92-2-209415-8 
954 |a odborná, vedecká literatúra cudzojazyčná (svetová)  |2 lita 
958 |a OND 
958 |a TL 
958 |a FR 
999 |c 882413  |d 884343 
952 |t P60, <04>, [BOOK], {604}  |a SNK  |b SNK  |y VYP  |7 0  |p 17A0133078  |o snkIC 125184  |0 0  |1 0  |4 0  |d 1999-10-23  |l 0  |r 2005-01-01 00:00:00  |w 2026-02-24